000 00401nam a22001457a 4500
008 230620b xxu||||| |||| 00| 0 eng d
020 _a0669001454
082 _a309.1
_bKRI
100 _cIrving Kristol
245 _aThe Americans:1976
_bCritical Choices for Americans
_cvolume 2
260 _aUSA
_bThe third century corporation
_c1976
300 _a370p
700 _cPaul H. Weaver
942 _2ddc
_cBK
999 _c1455
_d1455